书目信息 |
| 题名: |
国际能源展望
|
|
| 作者: | 张军 译 ;美国能源信息署 编著 | |
| 分册: | ||
| 出版信息: | 北京 科学出版社 2006 |
|
| 页数: | 178页 | |
| 开本: | 29cm | |
| 丛书名: | ||
| 单 册: | ||
| 中图分类: | F746.41 | |
| 科图分类: | ||
| 主题词: | 能源需求--国际市场--市场预测--世界 , 能源需求 , 能源需求--国际市场--分析--世界 , 市场预测 , 国际市场 | |
| 电子资源: | ||
| ISBN: | 7-03-017051-2 | |
| 000 | 01617nam0 2200349 450 | |
| 000 | 01624nam0 2200349 450 | |
| 000 | 01554nam0 2200325 450 | |
| 000 | 01517nam0 2200313 45 | |
| 005 | 20070525131207.43 | |
| 010 | @a7-03-017051-2@dCNY32.00 | |
| 100 | @a20070418d2006 em y0chiy0120 ea | |
| 101 | 0 | @achi |
| 102 | @aCN@b110000 | |
| 105 | @ay z 000yy | |
| 200 | 1 | @a国际能源展望@AGuo Ji Neng Yuan Zhan Wang@e未来国际能源市场分析与预测(至2025年)@EWei Lai Guo Ji Neng Yuan Shi Chang Fen Xi Yu Yu Ce ( Zhi 2025 Nian )@f美国能源信息署编著@FMei Guo Neng Yuan Xin Xi Shu Bian Zhu@g张军[等]译 |
| 210 | @a北京@c科学出版社@d2006 | |
| 215 | @a178页@c照片@d29cm | |
| 305 | @a美国能源信息署授权出版 | |
| 312 | @a版权页英文题名:International energy outlook 2005 | |
| 330 | @a本书首先预测了世界能源消费、世界经济和能源强度的发展趋势,并从居民生活、商业、工业和交通业四个领域预测了能源终端消费情况,然后分别就世界石油、天然气、煤炭和电力消费的现状与发展进行了分析预测,最后讨论了全球二氧化碳排放的前景。本书历史数据涉及的时间范围从1970~2002年,预测延展至2025年。 | |
| 510 | 1 | @aInternational energy outlook 2005@zeng |
| 517 | 1 | @a未来国际能源市场分析与预测(至2025年) @AWei Lai Guo Ji Neng Yuan Shi Chang Fen Xi Yu Yu Ce ( Zhi 2025 Nian ) |
| 606 | 0 | @a能源需求@x国际市场@x市场预测@y世界 |
| 606 | 0 | @a能源需求 |
| 606 | 0 | @a能源需求@x国际市场@x分析@y世界 |
| 606 | 0 | @a市场预测 |
| 606 | 0 | @a国际市场 |
| 690 | @aF746.41@v4 | |
| 701 | 0 | @a张军@AZhang Jun@c(能源信息)@4译 |
| 711 | 02 | @a美国能源信息署@AMei Guo Neng Yuan Xin Xi Shu@4编著 |
| 801 | 0 | @aCN@bTAOJIN@c20070525 |
| 905 | @a10447@dF746.41@e62 | |
| 国际能源展望:未来国际能源市场分析与预测(至2025年)/美国能源信息署编著/张军[等]译.-北京:科学出版社,2006 |
| 178页:照片;29cm |
| ISBN 7-03-017051-2:CNY32.00 |
| 本书首先预测了世界能源消费、世界经济和能源强度的发展趋势,并从居民生活、商业、工业和交通业四个领域预测了能源终端消费情况,然后分别就世界石油、天然气、煤炭和电力消费的现状与发展进行了分析预测,最后讨论了全球二氧化碳排放的前景。本书历史数据涉及的时间范围从1970~2002年,预测延展至2025年。 |
| ● |
| 相关链接 |
|
|
|
|
正题名:国际能源展望
索取号:F746.41/62
 
预约/预借
| 序号 | 登录号 | 条形码 | 馆藏地/架位号 | 状态 | 备注 |
| 1 | 0522603 | 205226030 | 第一样本阅览室/ [索取号:F746.41/62] | 在馆 | |
| 2 | 0522604 | 205226049 | 第一借阅区/ [索取号:F746.41/62] | 在馆 |